000 01332cam a22003737a 4500
001 10530931
003 OSt
005 20210909120122.0
006 m d
007 cr n
008 130426s2013 gw ab sb 001 0 eng d
020 _a9783527408047
035 _a(WaSeSS)ssj0000872133
038 _akhadija
040 _aBTCTA
_beng
_cCUD
_dOCLCO
_dYDXCP
_dIUI
_dBWX
_dDLC
_dWaSeSS
042 _alccopycat
050 4 _aTJ808
_b.R452 2008.
082 _a333.794
_bREN
100 _aWengenmayr, Roland
_982335
210 1 0 _aRenewable energy: Sustainable Energy Concept For The Future
245 0 0 _aRenewable energy:
_bsustainable concepts for the energy change /
_cedited by Roland Wengenmayr and Thomas Bührke.
260 _aWeinheim :
_bWiley-VCH,
_cc2008.
500 _aOriginal ed. : c2008.
504 _aIncludes bibliographical references and index.
506 _aLicense restrictions may limit access.
563 _ahardcover
650 0 _aRenewable energy sources.
700 1 _aWengenmayr, Roland.
_982335
700 1 _aBührke, Thomas,
_d1956-
_982336
773 0 _tWiley-Blackwell Online Books
856 4 0 _uhttp://www.columbia.edu/cgi-bin/cul/resolve?clio10530931
_zFull text available from Wiley-Blackwell Online Books
910 _aLibrary of Congress record
942 _2ddc
_cBK
999 _c32987
_d32987